| 000 | 00379nam a22001457a 4500 | ||
|---|---|---|---|
| 008 | 210310b ||||| |||| 00| 0 eng d | ||
| 020 | _a9780721674964 | ||
| 041 | _aeng | ||
| 080 |
_28th _a616.8-006 |
||
| 082 | _a616.8-006 | ||
| 100 | _a6 | ||
| 101 | _aKAN | ||
| 245 |
_aClinical Oncology a Multidisciplinary Approach for Physicians and Students _cRubin, PH |
||
| 942 |
_2udc _cBK |
||
| 999 |
_c56233 _d56233 |
||